[Event "Northumbria Masters 2018"]
[Site "Newcastle ENG"]
[Date "2018.02.18"]
[Round "8.12"]
[White "Greet, Andrew N"]
[Black "Kalaiyalahan, Akshaya"]
[Result "1-0"]
[WhiteTitle "IM"]
[BlackTitle "FM"]
[WhiteElo "2458"]
[BlackElo "2136"]
[WhiteFideId "405817"]
[BlackFideId "422894"]
[EventDate "2018.02.14"]

1. d4 Nf6 2. c4 g6 3. g3 Bg7 4. Bg2 O-O 5. Nc3 d6 6. Nf3 Nc6 7. O-O a6 8. b3 Rb8
9. d5 Na5 10. Bg5 c5 11. dxc6 Nxc6 12. Rc1 h6 13. Be3 Ng4 14. Bd2 Bd7 15. h3 Nf6
16. Nd5 Ne4 17. Be3 b5 18. Nd4 Nxd4 19. Bxd4 Ng5 20. Bxg7 Kxg7 21. f4 Nh7 22.
Qd4+ Kg8 23. cxb5 axb5 24. Rc2 Be6 25. Nb4 Qb6 26. Qxb6 Rxb6 27. Rc7 Re8 28.
Rfc1 Kf8 29. Ra7 Nf6 30. Rcc7 Ng8 31. g4 Kg7 32. Kf2 Rc8 33. Rcb7 Rb8 34. Rxb8
Rxb8 35. Nc6 Rb6 36. Nd4 Bc8 37. Rc7 e5 38. Rxc8 exd4 39. Rc2 Nf6 40. Rd2 Ra6
41. Rxd4 Rxa2 42. Rxd6 Rb2 43. Rd3 Kf8 44. Bc6 b4 45. Kf3 Rc2 46. Bb5 Rc5 47.
Bc4 Rc7 48. Rd8+ Ke7 49. Rb8 Ne8 50. Rxb4 Nd6 51. Ra4 f5 52. gxf5 gxf5 53. Ra5
Kf6 54. Ra6 Ke7 55. Bd3 Rb7 56. Bc4 Rc7 57. Ra4 Ne4 58. Rb4 h5 59. Bd3 Nd6 60.
Rb8 Kf6 61. Rd8 Ke7 62. Rh8 Rc3 63. b4 Rb3 64. Rxh5 Ke6 65. Rh6+ Ke7 66. Rh7+
Ke6 67. Rh6+ Ke7 68. Rh7+ Ke6 69. Ra7 Rxb4 70. Ra6 Ke7 71. h4 Rb8 72. Ke3 Rh8
73. Kd4 Ke6 74. Bxf5+ Kxf5 75. Rxd6 Kxf4 76. Rf6+ Kg4 77. e4 Rxh4 78. e5 Kg5+
79. Kd5 Rh1 80. Rf2 Rd1+ 81. Kc6 Re1 82. Kd6 Rd1+ 83. Ke7 Ra1 84. e6 Re1 85. Kf7 1-0

[Event "Northumbria Masters 2018"]
[Site "Newcastle ENG"]
[Date "2018.02.18"]
[Round "8.13"]
[White "Welling, Gerard"]
[Black "Dalton, Joseph"]
[Result "1-0"]
[WhiteTitle "IM"]
[WhiteElo "2320"]
[BlackElo "2045"]
[WhiteFideId "1000446"]
[BlackFideId "427713"]
[EventDate "2018.02.14"]

1. e4 b6 2. Nc3 Bb7 3. f4 e6 4. d3 d5 5. Qe2 Bb4 6. Bd2 Ne7 7. Nf3 c5 8. g3 Nbc6
9. Bg2 a5 10. a3 Bxc3 11. Bxc3 d4 12. Bd2 b5 13. O-O O-O 14. Ng5 h6 15. Nh3 f6
16. g4 Ng6 17. g5 hxg5 18. fxg5 Nce5 19. gxf6 gxf6 20. Nf4 Qe8 21. Nxg6 Qxg6 22.
Bf4 Qg4 23. Qd2 Kh7 24. Kh1 Rg8 25. Bxe5 fxe5 26. Rf3 Rg5 27. Rg3 1-0

[Event "Northumbria Masters 2018"]
[Site "Newcastle ENG"]
[Date "2018.02.18"]
[Round "8.14"]
[White "Player, Edmund C"]
[Black "Longson, Alexander"]
[Result "1/2-1/2"]
[BlackTitle "FM"]
[WhiteElo "2172"]
[BlackElo "2307"]
[WhiteFideId "406520"]
[BlackFideId "408093"]
[EventDate "2018.02.14"]

1. e4 e5 2. Nf3 Nc6 3. Bc4 Nf6 4. d3 Be7 5. O-O O-O 6. Re1 d6 7. a4 Na5 8. Ba2
c5 9. c3 Nc6 10. Na3 h6 11. Bd2 a6 12. Nc2 Be6 13. Bxe6 fxe6 14. b4 b5 15. axb5
axb5 16. Na3 cxb4 17. cxb4 Qd7 18. Qb3 Rfb8 19. Bc3 Kh8 20. Nc2 Rxa1 21. Rxa1
Bd8 22. Re1 Bb6 23. h3 Re8 24. Na3 Nd4 25. Bxd4 Bxd4 26. Nc2 Bb6 27. d4 exd4 28.
Ncxd4 d5 29. exd5 exd5 30. Rxe8+ Qxe8 31. Qd3 Bxd4 32. Qxd4 Qe2 33. Qc5 Kh7 34.
Nd4 Qe1+ 35. Kh2 Qxf2 36. Nxb5 1/2-1/2

[Event "Northumbria Masters 2018"]
[Site "Newcastle ENG"]
[Date "2018.02.18"]
[Round "8.15"]
[White "Townsend, M Paul"]
[Black "Pritchett, Craig W"]
[Result "0-1"]
[BlackTitle "IM"]
[WhiteElo "2214"]
[BlackElo "2275"]
[WhiteFideId "402320"]
[BlackFideId "2400065"]
[EventDate "2018.02.14"]

1. d4 Nf6 2. Nf3 e6 3. Bf4 c5 4. c3 Nc6 5. e3 d5 6. Nbd2 Bd6 7. Bg3 O-O 8. Bd3
cxd4 9. exd4 b6 10. Ne5 Bb7 11. O-O Rc8 12. Qe2 Qc7 13. f4 g6 14. Bh4 Nh5 15. g4
Ng7 16. Bf6 Be7 17. Bxg7 Kxg7 18. f5 exf5 19. Nxc6 Bxc6 20. gxf5 Rce8 21. Qg4
Bd6 22. Nf3 Re3 23. Qh4 Bf4 24. Ne5 Bxe5 25. dxe5 Qxe5 26. f6+ Kh8 27. Qh6 Rg8
28. Rf4 Qh5 0-1

[Event "Northumbria Masters 2018"]
[Site "Newcastle ENG"]
[Date "2018.02.18"]
[Round "8.16"]
[White "Asenov, Pavel"]
[Black "House, Glenn L"]
[Result "0-1"]
[BlackTitle "FM"]
[WhiteElo "2187"]
[BlackElo "2214"]
[WhiteFideId "433705"]
[BlackFideId "406228"]
[EventDate "2018.02.14"]

1. d4 Nf6 2. c4 e6 3. Nc3 Bb4 4. e3 c5 5. Ne2 cxd4 6. exd4 O-O 7. a3 Be7 8. Nf4
d6 9. Be3 a6 10. Be2 Nbd7 11. O-O b6 12. Bf3 Rb8 13. Qa4 Qc7 14. Nd3 Bb7 15.
Bxb7 Qxb7 16. Nb4 b5 17. Qxa6 bxc4 18. Qxc4 d5 19. Qd3 Bxb4 20. axb4 Qxb4 21.
Ra2 Nb6 22. Bf4 Ra8 23. Rfa1 Rxa2 24. Rxa2 Ne4 25. Bd2 Qb3 26. Ra3 Qxb2 27. Nxe4
dxe4 28. Qc3 Qxc3 29. Rxc3 Nd5 30. Rc1 f5 31. Rc6 Kf7 32. g3 Ra8 33. Rc2 Ra4 34.
Be3 h6 35. h4 Ra3 36. Bc1 Ra4 37. Be3 Kf6 38. Rc8 Ra7 39. Rf8+ Ke7 40. Rg8 Kf7
41. Rh8 Kg6 42. Re8 Re7 43. Rxe7 Nxe7 44. Bf4 Nc6 45. Be3 Kh5 46. Kg2 Kg4 47.
Bf4 g5 48. hxg5 hxg5 49. Be3 f4 50. Bc1 Nxd4 51. Bb2 Nc6 52. Bc1 Nb4 53. Bd2 Nd3
54. gxf4 gxf4 55. Kf1 Kf3 56. Be1 Nxe1 57. Kxe1 e3 58. Kf1 e2+ 59. Ke1 e5 0-1

[Event "Northumbria Masters 2018"]
[Site "Newcastle ENG"]
[Date "2018.02.18"]
[Round "8.18"]
[White "Bukojemski, Adam"]
[Black "Longson, Sarah N"]
[Result "1-0"]
[BlackTitle "WFM"]
[WhiteElo "2222"]
[BlackElo "2124"]
[WhiteFideId "1114620"]
[BlackFideId "2501465"]
[EventDate "2018.02.14"]

1. e4 e5 2. Nf3 Nc6 3. Bc4 Nf6 4. Nc3 Bc5 5. d3 d6 6. Na4 Bb4+ 7. c3 Ba5 8. b4
Bb6 9. Qb3 O-O 10. Bg5 Bg4 11. Nxb6 axb6 12. Nh4 h6 13. Be3 Ne7 14. h3 Bd7 15.
b5 Be8 16. O-O d5 17. exd5 Nfxd5 18. Rae1 c6 19. a4 Nxe3 20. fxe3 cxb5 21. axb5
Qd6 22. Nf5 Nxf5 23. Rxf5 Kh8 24. d4 exd4 25. cxd4 f6 26. Rf2 Bg6 27. Bd5 Ra3
28. Qb2 Re8 29. e4 Qg3 30. Bxb7 Bf5 31. Qc1 Bxh3 32. Qf4 Qc3 33. Qd2 Qg3 34. Bc6
Rd8 35. Qf4 Qc3 36. Rc1 Qxd4 37. gxh3 Rxh3 38. Kg2 Rh5 39. Qf3 Qe5 40. Kf1 Rg5
41. Rd1 Rxd1+ 42. Qxd1 Qg3 43. Qf3 Qe5 1-0

[Event "Northumbria Masters 2018"]
[Site "Newcastle ENG"]
[Date "2018.02.18"]
[Round "8.19"]
[White "Izod, Chris"]
[Black "Tavoularis, Nicholas"]
[Result "0-1"]
[WhiteElo "1882"]
[BlackElo "2168"]
[WhiteFideId "429716"]
[BlackFideId "4205596"]
[EventDate "2018.02.14"]

1. d4 Nf6 2. Nf3 g6 3. c4 Bg7 4. Nc3 O-O 5. e4 d6 6. Be2 c5 7. d5 e6 8. O-O exd5
9. exd5 Bf5 10. h3 Ne4 11. Nxe4 Bxe4 12. Bd3 Bxd3 13. Qxd3 Na6 14. a3 Qd7 15.
Rb1 Nc7 16. b4 cxb4 17. axb4 b5 18. c5 dxc5 19. bxc5 Qxd5 20. Qxd5 Nxd5 21. Rxb5
a6 22. Rb7 Rfb8 23. c6 Rc8 24. Rd1 Rxc6 25. Ba3 Rc7 26. Rdb1 Rxb7 27. Rxb7 Bf6
28. g4 Nf4 29. Kh2 Ne6 30. h4 h6 31. Kg3 Rd8 32. g5 hxg5 33. hxg5 Nxg5 34. Nxg5
Bxg5 35. Bb2 Ra8 36. f4 Bh6 37. Kg4 a5 38. f5 gxf5+ 39. Kxf5 a4 40. Rb4 Ra5+ 41.
Ke4 a3 42. Rb8+ Kh7 43. Rh8+ Kg6 44. Rg8+ Kh5 45. Bxa3 Rxa3 46. Kf5 Rf3+ 47. Ke5
f5 48. Rg1 Bg5 49. Rh1+ Kg6 50. Rg1 Re3+ 51. Kd4 Re2 52. Kd3 Rd2+ 53. Kc3 Rd7 0-1

[Event "Northumbria Masters 2018"]
[Site "Newcastle ENG"]
[Date "2018.02.18"]
[Round "8.20"]
[White "Gayson, Peter M"]
[Black "Nandi, Robin J"]
[Result "1-0"]
[WhiteElo "2151"]
[BlackElo "1815"]
[WhiteFideId "401838"]
[BlackFideId "434604"]
[EventDate "2018.02.14"]

1. e4 e5 2. Nf3 Nc6 3. d4 exd4 4. Bc4 Nf6 5. O-O Bc5 6. e5 d5 7. exf6 dxc4 8.
fxg7 Rg8 9. Re1+ Be6 10. Bg5 Be7 11. Bxe7 Kxe7 12. Re4 Rxg7 13. Nxd4 Nxd4 14.
Rxd4 Qg8 15. Qf3 Rd8 16. Rxd8 Qxd8 17. Nc3 c6 18. Rd1 Qa5 19. Qf4 f6 20. Qb8
Rxg2+ 21. Kxg2 1-0

[Event "Northumbria Masters 2018"]
[Site "Newcastle ENG"]
[Date "2018.02.18"]
[Round "8.21"]
[White "Zhang, Zheming"]
[Black "Moreby, James"]
[Result "0-1"]
[WhiteElo "1900"]
[BlackElo "2112"]
[WhiteFideId "430757"]
[BlackFideId "427756"]
[EventDate "2018.02.14"]

1. e4 e6 2. d3 d5 3. Nd2 c5 4. g3 Nc6 5. Bg2 Nf6 6. Ngf3 Be7 7. O-O b5 8. Ne1
O-O 9. f4 Qc7 10. Nef3 a5 11. Qe2 Ba6 12. b3 a4 13. Bb2 d4 14. h3 Rfd8 15. Kh2
Nd7 16. c4 dxc3 17. Bxc3 Nb6 18. Ne1 Qd7 19. Bb2 c4 20. bxc4 a3 21. Bc1 Nd4 22.
Qg4 bxc4 23. dxc4 Nxc4 24. Nxc4 Bxc4 25. Rf2 Rac8 26. f5 e5 27. Nf3 Nxf3+ 28.
Qxf3 Qd4 29. Rb1 Bc5 30. Bg5 Qxf2 31. Bxd8 Rxd8 32. Qc3 Rd2 33. Rb8+ Bf8 34.
Rxf8+ Kxf8 35. Qb4+ Ke8 36. Qb8+ Rd8 37. Qxe5+ Kf8 38. Qa5 Qd4 39. Qxa3+ Kg8 40.
Qa5 Qd2 41. Qb6 Bf1 0-1

[Event "Northumbria Masters 2018"]
[Site "Newcastle ENG"]
[Date "2018.02.18"]
[Round "8.22"]
[White "Dunn, Alan"]
[Black "Turner, Max N"]
[Result "1-0"]
[WhiteElo "2046"]
[BlackElo "1933"]
[WhiteFideId "4300858"]
[BlackFideId "447722"]
[EventDate "2018.02.14"]

1. d4 d5 2. Bf4 Nf6 3. e3 c5 4. c3 Nc6 5. Nd2 e6 6. Bd3 Bd6 7. Bxd6 Qxd6 8. f4
O-O 9. a3 a5 10. Qe2 Qe7 11. Ngf3 Rd8 12. O-O Nd7 13. e4 dxe4 14. Nxe4 cxd4 15.
Nfg5 h6 16. Rae1 Nf6 17. Nxf6+ Qxf6 18. Ne4 Qe7 19. Rf3 dxc3 20. bxc3 Bd7 21. g4
f5 22. Nf2 Re8 23. Re3 Qc5 24. g5 Kh7 25. Qh5 Rg8 26. Rxe6 Bxe6 27. Rxe6 Qf8 28.
Qg6+ Kh8 29. Bxf5 1-0

[Event "Northumbria Masters 2018"]
[Site "Newcastle ENG"]
[Date "2018.02.18"]
[Round "8.23"]
[White "Han, Yichen"]
[Black "Storey, Charles H"]
[Result "0-1"]
[BlackTitle "FM"]
[WhiteElo "1998"]
[BlackElo "2262"]
[WhiteFideId "1054430"]
[BlackFideId "406686"]
[EventDate "2018.02.14"]

1. e4 c5 2. Nf3 e6 3. d4 cxd4 4. Nxd4 a6 5. Bd3 Bc5 6. Nb3 Ba7 7. O-O Nf6 8. e5
Nd5 9. Be4 Ne7 10. Qg4 Ng6 11. Kh1 d5 12. Bd3 Nc6 13. f4 Nb4 14. Bd2 Nxd3 15.
cxd3 h5 16. Qe2 h4 17. Be3 d4 18. Bg1 Ne7 19. N1d2 Nf5 20. Ne4 b5 21. Bf2 Bb7
22. Nbd2 Qd5 23. Rfc1 Kd7 24. a4 Bb6 25. axb5 axb5 26. Rxa8 Bxa8 27. b4 Qa2 28.
Qd1 h3 29. Ra1 hxg2+ 30. Kg1 Ne3 31. Qc1 Qc2 32. Qxc2 Nxc2 33. Rb1 Ne3 34. Nd6
Nd5 35. Bg3 Nc3 36. Re1 f5 37. exf6 gxf6 38. N6e4 f5 39. Ng5 Bd5 40. Ndf3 Na2
41. Ne5+ Kc7 42. Nef7 Re8 43. h4 Nxb4 44. Rc1+ Kb8 45. h5 Nxd3 46. Rb1 Rc8 47.
Nh3 Rf8 48. Nhg5 b4 49. h6 b3 50. Ne5 Nxe5 51. fxe5 f4 52. Bf2 Bd8 53. Nh3 Rh8
54. Bxd4 Rxh6 55. Nf2 Rh1+ 0-1

[Event "Northumbria Masters 2018"]
[Site "Newcastle ENG"]
[Date "2018.02.18"]
[Round "8.25"]
[White "Younger, Mark"]
[Black "Spanton, Tim R"]
[Result "1/2-1/2"]
[WhiteElo "1720"]
[BlackElo "1901"]
[WhiteFideId "454354"]
[BlackFideId "404802"]
[EventDate "2018.02.14"]

1. d4 d5 2. Bf4 e6 3. e3 Bd6 4. Bg3 Nc6 5. Nf3 Nge7 6. Bd3 Nb4 7. Be2 Nf5 8.
Bxd6 cxd6 9. O-O O-O 10. a3 Nc6 11. c4 dxc4 12. Bxc4 e5 13. dxe5 dxe5 14. Nc3
Nh4 15. Nxh4 Qxh4 16. Qe2 Kh8 17. Rfd1 f5 18. Rd2 f4 19. exf4 Qxf4 20. Nd5 Qg5
21. Qe3 Qg6 22. Bd3 Bf5 23. Rad1 Rad8 24. Bxf5 Qxf5 25. f3 Nd4 26. Nc3 Qg6 27.
Kh1 Rde8 28. Qe4 Qf7 29. Ne2 Nc6 30. b4 a6 31. Qd5 Qxd5 32. Rxd5 Rd8 33. Rxd8
Rxd8 34. Rxd8+ Nxd8 35. Kg1 Kg8 36. Kf2 Kf7 37. Ke3 Ke6 38. Nc3 h6 39. h4 Nf7
40. Ne4 Kd5 41. Kd3 g6 42. Nc3+ Kc6 43. Ke4 1/2-1/2

[Event "Northumbria Masters 2018"]
[Site "Newcastle ENG"]
[Date "2018.02.18"]
[Round "9.2"]
[White "Haria, Ravi"]
[Black "Vakhidov, Jakhongir"]
[Result "1/2-1/2"]
[WhiteTitle "IM"]
[BlackTitle "GM"]
[WhiteElo "2376"]
[BlackElo "2532"]
[WhiteFideId "415820"]
[BlackFideId "14201801"]
[EventDate "2018.02.14"]

1. Nf3 Nf6 2. g3 g6 3. Bg2 Bg7 4. d4 O-O 5. c4 c5 6. Nc3 cxd4 7. Nxd4 Nc6 8. O-O
Qa5 9. e3 d6 10. h3 Bd7 11. Qe2 Rac8 12. Bd2 Qb6 13. Nxc6 Bxc6 14. b3 Bxg2 15.
Kxg2 Rfe8 16. Rac1 Qc6+ 17. Qf3 Nd7 18. Rfd1 Nc5 19. Be1 f5 20. Qd5+ Kh8 21. Ne2
Qa6 22. Rc2 Ne4 23. f3 e6 24. Qa5 Qc6 25. Nd4 Bxd4 26. exd4 b6 27. d5 Qb7 28.
Qa3 Nc5 29. dxe6 Rxe6 30. Qb2+ Kg8 31. Qd4 Qg7 32. Qd5 Qf7 33. Bc3 Nd7 34. Kf2
Rce8 35. Qd4 Qf6 36. Qxf6 Nxf6 37. Rcd2 Rd8 38. Bb4 Ne8 39. g4 fxg4 40. hxg4 Rd7
41. a4 Rf7 42. Re2 Rxe2+ 43. Kxe2 Re7+ 44. Kf2 Kf7 45. Rd5 Rd7 46. a5 bxa5 47.
Rxa5 Rb7 48. Bd2 Ke6 49. b4 Nf6 50. Ra6 Ne8 51. b5 Nc7 52. Rc6 Kd7 53. Bf4 Ne8
54. Ra6 Rc7 55. Ra4 Kc8 56. Be3 Kb8 57. c5 dxc5 58. Bf4 Kb7 59. Bxc7 Nxc7 60.
Ra1 Nxb5 61. Ke3 h5 62. gxh5 gxh5 63. Rh1 Kc6 64. Rxh5 a5 65. Rh6+ Kd5 66. Ra6
Nd6 67. Kd3 Nc4 68. f4 a4 69. Kc3 a3 70. Ra4 Nd6 71. f5 1/2-1/2

[Event "Northumbria Masters 2018"]
[Site "Newcastle ENG"]
[Date "2018.02.18"]
[Round "9.4"]
[White "Kanakova, Natalie"]
[Black "Raetsky, Alexander"]
[Result "1/2-1/2"]
[WhiteTitle "WFM"]
[BlackTitle "GM"]
[WhiteElo "2245"]
[BlackElo "2362"]
[WhiteFideId "350486"]
[BlackFideId "4103203"]
[EventDate "2018.02.14"]

1. e4 c5 2. Nf3 Nc6 3. d4 cxd4 4. Nxd4 Nf6 5. Nc3 e6 6. Ndb5 Bc5 7. Bf4 O-O 8.
Bc7 Qe7 9. Bd6 Bxd6 10. Qxd6 Qd8 11. Qc7 d5 12. Qxd8 Rxd8 13. exd5 exd5 14. Bd3
a6 15. Na3 b5 16. Ne2 d4 17. O-O Ra7 18. Nb1 Ne5 19. Rd1 Re7 20. Ng3 Nxd3 21.
cxd3 Nd5 22. Nd2 Nf4 23. Nde4 Rc7 24. b4 Bb7 25. Rd2 g6 26. f3 Nd5 27. a3 Bc8
28. Ne2 Ne3 29. Kf2 Nf5 30. Rc1 Rxc1 31. Nxc1 h5 32. Rc2 Ne3 1/2-1/2

[Event "Northumbria Masters 2018"]
[Site "Newcastle ENG"]
[Date "2018.02.18"]
[Round "9.5"]
[White "Eggleston, David J"]
[Black "Plat, Vojtech"]
[Result "1/2-1/2"]
[WhiteTitle "IM"]
[BlackTitle "GM"]
[WhiteElo "2409"]
[BlackElo "2560"]
[WhiteFideId "412120"]
[BlackFideId "325740"]
[EventDate "2018.02.14"]

1. e4 d6 2. d4 Nf6 3. Nc3 e5 4. Nf3 Nbd7 5. Bc4 Be7 6. O-O O-O 7. Re1 Nb6 8. Bf1
Nfd7 9. a4 a5 10. b3 exd4 11. Nxd4 Nc5 12. Bb2 Bf6 13. g3 Re8 14. Bg2 c6 15. Qd2
Na6 16. Rad1 Nb4 17. Nf3 Be6 18. Re2 d5 19. e5 Be7 20. Nd4 Bc8 21. Rde1 c5 22.
Ndb5 Bf5 23. Qd1 Qd7 24. Rd2 Rad8 25. Ne4 Qc6 26. Nec3 Qg6 27. Na3 Bg4 28. f3
Be6 29. Ne2 Qh6 30. c3 Nc6 31. f4 f6 32. exf6 Bxf6 33. Nb5 Re7 34. Ba3 Nd7 35.
Nc7 Bf7 36. Nxd5 Ree8 37. Nxf6+ Nxf6 38. Bxc5 Rxd2 39. Qxd2 Qh5 40. Bd4 Bxb3 41.
Bxf6 gxf6 42. Nd4 Rxe1+ 43. Qxe1 Nxd4 44. cxd4 Qd1 45. Qxd1 Bxd1 46. Bxb7 Bxa4
47. Bd5+ Kf8 48. Kf2 Bd7 49. Ke3 Ke7 50. Kd3 Kd6 51. Bf3 Be6 52. g4 h6 53. h4 a4
54. g5 fxg5 55. hxg5 hxg5 56. fxg5 a3 57. Kc3 Ke7 58. Be4 Kf7 59. d5 Bxd5 60.
Bxd5+ Kg6 61. Kb3 a2 62. Kxa2 Kxg5 1/2-1/2

[Event "Northumbria Masters 2018"]
[Site "Newcastle ENG"]
[Date "2018.02.18"]
[Round "9.8"]
[White "Merry, Alan B"]
[Black "Lalic, Bogdan"]
[Result "1/2-1/2"]
[WhiteTitle "IM"]
[BlackTitle "GM"]
[WhiteElo "2438"]
[BlackElo "2401"]
[WhiteFideId "418811"]
[BlackFideId "409081"]
[EventDate "2018.02.14"]

1. e4 c5 2. Nf3 d6 3. Bb5+ Nd7 4. c3 Nf6 5. Bd3 b6 6. O-O Bb7 7. Re1 e5 8. Bc2
Be7 9. d4 O-O 10. Nbd2 Qc7 11. Nf1 Rac8 12. Bd3 Rfe8 13. dxe5 Nxe5 14. Nxe5 dxe5
15. b3 Red8 16. Qe2 Qd7 17. Bb5 Bc6 18. a4 Bxb5 19. axb5 c4 20. bxc4 h6 21. f3
Rc7 22. Be3 Qd3 23. Qxd3 Rxd3 24. Rec1 Rdd7 25. Ra4 Ne8 26. Kf2 Nd6 27. Nd2 h5
28. Ke2 g6 29. Rb1 Ne8 30. Nb3 Nd6 31. Rd1 Rd8 32. Nd2 f5 33. exf5 gxf5 34. f4
Bf6 35. fxe5 Bxe5 36. Nf3 Bxc3 37. Bf4 Re7+ 38. Kf1 Nf7 39. Rxd8+ Nxd8 40. Bg5
Rd7 41. Bxd8 Rxd8 42. Rxa7 Bb4 43. Kf2 Re8 44. Kg3 Re4 45. Rb7 Bc5 46. Nh4 Rxc4
47. Nxf5 Rb4 48. h4 Rxb5 49. Kf4 Rb4+ 50. Ke5 Kh8 51. Kf6 Rg4 52. g3 Bf2 53. Nh6
Bd4+ 54. Kf5 Rxg3 55. Nf7+ Kg8 56. Ng5 Bc5 57. Kg6 Bf8 58. Kxh5 Re3 59. Kg6 Re8
60. h5 Be7 61. Nf7 Bf8 62. Rxb6 Re1 63. Ng5 Re8 64. Rb7 Be7 65. Ne6 Bf8 66. Kf6
Rc8 67. Kg6 Re8 68. Ng5 Be7 69. Ne6 Bf8 70. Nf4 Rd8 71. Kf6 Rd1 72. Ne6 Rf1+ 73.
Kg6 Re1 74. Rb6 Re2 75. Ra6 Re1 76. Ng5 Re8 77. Nh7 Bg7 78. h6 Bb2 79. Ng5 Rb8
80. Re6 Kf8 81. h7 Bh8 82. Rc6 Ra8 83. Nf7 Ba1 84. Nd6 Ke7 85. Nf5+ Kd7 86. Rd6+
Kc7 87. Re6 Bb2 88. Re7+ Kc6 89. Rf7 Bh8 90. Ne3 Ra1 91. Ng4 Rg1 92. Kg5 Kd6 93.
Rf8 Ba1 94. Ra8 Bb2 95. Kf5 Rf1+ 96. Kg6 Rg1 97. Ra4 Ke6 98. Ra6+ Kd5 99. Kg5
Bc3 100. Rg6 Bb2 1/2-1/2

[Event "Northumbria Masters 2018"]
[Site "Newcastle ENG"]
[Date "2018.02.18"]
[Round "9.9"]
[White "Hebden, Mark L"]
[Black "Welling, Gerard"]
[Result "1/2-1/2"]
[WhiteTitle "GM"]
[BlackTitle "IM"]
[WhiteElo "2454"]
[BlackElo "2320"]
[WhiteFideId "400084"]
[BlackFideId "1000446"]
[EventDate "2018.02.14"]

1. d4 Nf6 2. Nf3 e6 3. c3 d5 4. Bg5 c5 5. e3 Nbd7 6. Nbd2 Be7 7. Bd3 b6 8. O-O
Bb7 9. Ne5 Nxe5 10. dxe5 Nd7 11. Bxe7 Qxe7 12. f4 a6 13. Qe2 b5 14. Nf3 g6 15.
Rad1 h5 16. e4 c4 17. Bc2 dxe4 18. Bxe4 Nc5 19. Bxb7 Nxb7 20. Ng5 Kf8 21. Rd4
Kg7 22. Ne4 Rhd8 23. Rfd1 Rxd4 24. cxd4 Rd8 25. Nf6 Qb4 26. h3 c3 27. bxc3 Qxc3
28. Ne4 Qb4 29. Qf2 Na5 30. Kh2 Qe7 31. Nc5 Nc6 32. Nxa6 Qa3 33. Nc5 Nxd4 34.
Nb3 Nc6 35. Rc1 Nd4 36. Rd1 Nc6 37. Rxd8 Nxd8 38. Nd4 Qd3 39. Nf3 Nc6 40. Qh4
Qf5 41. Qg3 Ne7 42. Nd4 Qb1 43. Qb3 Qe4 44. Nxb5 Qxf4+ 45. Qg3 Qc4 46. Nd6 Qxa2
47. Qf4 Nf5 48. Qg5 Qa7 49. Qf6+ Kg8 50. Qd8+ Kg7 51. h4 Nh6 52. Ne8+ Kh7 53.
Nf6+ 1/2-1/2

[Event "Northumbria Masters 2018"]
[Site "Newcastle ENG"]
[Date "2018.02.18"]
[Round "9.11"]
[White "Macklin, Paul"]
[Black "Britton, Richard L"]
[Result "1-0"]
[BlackTitle "FM"]
[WhiteElo "2307"]
[BlackElo "2255"]
[WhiteFideId "455865"]
[BlackFideId "401692"]
[EventDate "2018.02.14"]

1. e4 c5 2. Nf3 d6 3. c3 Nf6 4. Be2 Nbd7 5. d3 b6 6. O-O Bb7 7. Nbd2 g6 8. d4
cxd4 9. cxd4 Nxe4 10. Nxe4 Bxe4 11. Ng5 Bb7 12. Bc4 e6 13. Bxe6 fxe6 14. Nxe6
Qf6 15. Re1 Kf7 16. Qb3 d5 17. Qb5 Nb8 18. Bg5 Qf5 19. Re5 Qxe5 20. Nd8+ Kg8 21.
dxe5 h6 22. Qe8 1-0

[Event "Northumbria Masters 2018"]
[Site "Newcastle ENG"]
[Date "2018.02.18"]
[Round "9.12"]
[White "House, Glenn L"]
[Black "Gourlay, Iain"]
[Result "0-1"]
[WhiteTitle "FM"]
[BlackTitle "FM"]
[WhiteElo "2214"]
[BlackElo "2371"]
[WhiteFideId "406228"]
[BlackFideId "2401533"]
[EventDate "2018.02.14"]

1. Nf3 c5 2. g3 g6 3. Bg2 Bg7 4. d3 Nc6 5. O-O d6 6. e4 e5 7. c3 Nge7 8. a3 O-O
9. b4 a6 10. Re1 h6 11. Nbd2 Be6 12. Nb3 b6 13. Bb2 Rc8 14. Nfd2 f5 15. exf5
gxf5 16. Nf3 Qe8 17. Nbd2 Qf7 18. Qe2 Ng6 19. Rab1 Rfe8 20. Nc4 Qc7 21. Nfd2 d5
22. Ne3 d4 23. Nd5 Qd8 24. c4 Nge7 25. bxc5 bxc5 26. Nxe7+ Rxe7 27. Bc1 Bf7 28.
Qf3 Be6 29. Qh5 Qc7 30. Nf3 e4 31. Nh4 e3 32. fxe3 dxe3 33. Nxf5 Bxf5 34. Qxf5
Nd4 35. Qd5+ Kh8 36. Rxe3 Ne2+ 37. Kh1 Nc3 38. Qf5 Rf8 0-1

[Event "Northumbria Masters 2018"]
[Site "Newcastle ENG"]
[Date "2018.02.18"]
[Round "9.13"]
[White "Tavoularis, Nicholas"]
[Black "Derakhshani, Borna"]
[Result "1/2-1/2"]
[BlackTitle "FM"]
[WhiteElo "2168"]
[BlackElo "2317"]
[WhiteFideId "4205596"]
[BlackFideId "12518450"]
[EventDate "2018.02.14"]

1. f4 d5 2. Nf3 e6 3. c3 Bd6 4. g3 Ne7 5. d3 Nd7 6. Bg2 e5 7. e4 dxe4 8. dxe4
exf4 9. gxf4 Ng6 10. e5 Be7 11. O-O Nc5 12. Qxd8+ Bxd8 13. Rd1 Bg4 14. Be3 Nd7
15. h3 Bxf3 16. Bxf3 c6 17. Na3 Bb6 18. Bxb6 Nxb6 19. Rd4 Ke7 20. Kf2 Rad8 21.
Rad1 Rxd4 22. Rxd4 f6 23. exf6+ Kxf6 24. c4 c5 25. Rd2 Nxf4 26. Kg3 g5 27. Bxb7
Re8 28. Bf3 h5 29. Rd6+ Kf5 30. Rc6 Re5 31. Nb5 h4+ 32. Kh2 Nd3 33. Bg4+ Kf4 34.
Rf6+ Ke3 35. Nxa7 Nxc4 36. Nc6 Re4 37. b4 cxb4 38. Rf3+ Kd2 39. Rxd3+ Kxd3 40.
Bf5 Ke3 41. Bxe4 Kxe4 42. Nxb4 Kf3 43. a4 g4 44. hxg4 Kxg4 45. Nc6 h3 46. a5 1/2-1/2

[Event "Northumbria Masters 2018"]
[Site "Newcastle ENG"]
[Date "2018.02.18"]
[Round "9.14"]
[White "Longson, Alexander"]
[Black "Gayson, Peter M"]
[Result "1-0"]
[WhiteTitle "FM"]
[WhiteElo "2307"]
[BlackElo "2151"]
[WhiteFideId "408093"]
[BlackFideId "401838"]
[EventDate "2018.02.14"]

1. e4 c5 2. Nc3 e6 3. Nf3 a6 4. d4 cxd4 5. Nxd4 Nc6 6. Nxc6 bxc6 7. Bd3 d6 8.
O-O Nf6 9. Qe2 Be7 10. f4 O-O 11. b3 a5 12. Na4 d5 13. e5 Nd7 14. Be3 c5 15. c4
g6 16. cxd5 exd5 17. Rac1 d4 18. Bd2 Qc7 19. e6 Nf6 20. f5 gxf5 21. exf7+ Kh8
22. Bf4 Bd6 23. Rxc5 Qe7 24. Qxe7 Bxe7 25. Rc7 Bd8 26. Bh6 Ba6 27. Bxf8 Bxd3 28.
Rb7 Bxf1 29. Bc5 Be7 30. Bxe7 Nd5 31. f8=Q+ Rxf8 32. Bxf8 Ba6 33. Ra7 Bb5 34.
Bg7+ Kg8 35. Bxd4 1-0